| 000 | 01035nam a2200289Ia 4500 | ||
|---|---|---|---|
| 001 | F6087 | ||
| 003 | IT-RoPAU | ||
| 008 | 130308s9999 xx 000 0 und d | ||
| 040 | _aIT-RoPAU | ||
| 040 | _cIT-RoPAU | ||
| 041 | _aITALIANO | ||
| 100 | _aDiawara Manthia | ||
| 100 | _gCodice Aut. SPICS: 36311 | ||
| 245 | _aArtista come leader della rivoluzione (L') | ||
| 245 | _bNascita del Cinema in Africa (La). Il Cinema dell'Africa Sub-Sahariana Dalle Origini al 1975 | ||
| 250 | _a1a ed. | ||
| 260 | _aTORINO | ||
| 260 | _bLindau | ||
| 260 | _c1998 [1° Ed.:1998 - Ed.Ling.Originale:1992] | ||
| 300 | _a"8 p. (prefazione: no ; testo: 8 [pagine: 133-140])" | ||
| 500 | _aStoria della Federation Panafricaine Des cineastes (Fepaci): da African Cinema, Politics & Culture (1992). Primi tentativi di creare un Cinema Africano. La Fepaci e Il Cinema Africano. per una Critica della Fepaci. | ||
| 650 | _aSTORIA NAZIONALE DEL CINEMA | ||
| 650 | _eCodice materia Spics: 6809 | ||
| 942 | _cBK | ||
| 957 | _71 | ||
| 999 |
_c83352 _d83352 |
||
| 999 | _g1 | ||